| 000 | 01139nam a22002897a 4500 | ||
|---|---|---|---|
| 999 |
_c21508 _d21508 |
||
| 003 | AR-CdUCM | ||
| 008 | 190220b ||||| |||| 00| 0 spa d | ||
| 020 | _a9786124358012 | ||
| 040 |
_aMUNICIPALIDAD PROVINCIAL DEL CUSCO _cBIBLIOTECA MUNICIPAL DEL CUSCO |
||
| 082 |
_a985.04/R84 _bR84 |
||
| 100 |
_aRosado Loarte, Luis Alberto _945147 |
||
| 245 |
_aNarra la independencia desde tu pueblo : _bHuacho, Arequipa, Tarapacá / _cLuis Alberto Rosado Loarte, Guido Riveros Taco, Paulo César Lanas Castillo ; edición y coordinación de Juan Carlos Estenssoro y Cecilia Méndez. |
||
| 260 |
_aLima : _bInstituto de Estudios Peruanos, IEP, _bIFEA, _c2017. |
||
| 300 |
_a157 páginas. : _c20 cm. |
||
| 650 |
_aHistoriografía _97736 |
||
| 650 |
_aEmancipación _9260 |
||
| 650 |
_aArequipa _91703 |
||
| 650 |
_aHuacho _945148 |
||
| 650 |
_aTarapacá _945149 |
||
| 650 |
_aPerú _945153 |
||
| 700 |
_aRiveros Taco, Guido _945150 |
||
| 700 |
_aLanas Castillo, Paulo César _945151 |
||
| 700 |
_aEstenssoro Fuchs, Juan Carlos (editor) _945152 |
||
| 710 |
_aInstituto de Estudios Peruanos (Lima) _99759 |
||
| 942 |
_2ddc _cLIBROS |
||
| 945 | _aRoel | ||